Estadísticas para Forma de Países en el Mapa Mundial #7

Haz click aquí para tomar la prueba!

Estadísticas generales

  • Esta prueba ha sido tomada 3.159 veces
  • La puntuación promedio es 18 de 20

Respuestas en el mapa

Las respuestas están codificadas por una escala verde-roja en el mapa de la prueba según el % correcto abajo.
 

Estadísticas de respuestas

País% Correcto
Madagascar
98%
Paraguay
98%
Suecia
98%
Turquía
97%
Honduras
95%
Letonia
94%
Costa Rica
93%
Sri Lanka
93%
Somalia
92%
Bulgaria
91%
Cabo Verde
91%
Bangladés
87%
Kirguistán
84%
Uganda
81%
Burkina Faso
79%
Islas Salomón
79%
República del Congo
79%
Malaui
78%
Liberia
77%
Vanuatu
76%

Distribución de puntuación

Porcentaje por número respondido

Porcentaje de gente con cada puntuación

Historial de tus puntuaciones

No has tomado esta prueba